书目信息 |
| 题名: |
CorelDRAW 11图文设计入门与进阶教程
|
|
| 作者: | 陈柏润 编著 | |
| 分册: | ||
| 出版信息: | 北京 中国科学技术出版社 2003.08 |
|
| 页数: | 331页 | |
| 开本: | 26cm | |
| 丛书名: | 计算机软件技能入门与进阶培训丛书 | |
| 单 册: | ||
| 中图分类: | TP391.41 | |
| 科图分类: | ||
| 主题词: | 图形软件--tu xing ruan jian--CorelDRAW--教材 | |
| 电子资源: | ||
| ISBN: | 7-5046-3569-3 | |
| 000 | 00983nam 2200241 450 | |
| 001 | 012007523406 | |
| 005 | 20071010112329.23 | |
| 010 | @a7-5046-3569-3@dCNY32.00 | |
| 100 | @a20070813d2003 km y0chiy0120 ea | |
| 101 | 0 | @achi |
| 102 | @aCN@b110000 | |
| 105 | @aa z 000yy | |
| 200 | 1 | @aCorelDRAW 11图文设计入门与进阶教程@ACorelDRAW 11 tu wen she ji ru men yu jin jie jiao cheng@f陈柏润编著@Fchen bai run bian zhu |
| 210 | @a北京@c中国科学技术出版社@d2003.08 | |
| 215 | @a331页@c图@d26cm | |
| 225 | 2 | @a计算机软件技能入门与进阶培训丛书@Aji suan ji ruan jian ji neng ru men yu jin jie pei xun cong shu@v4 |
| 330 | @a本书面向初、中级用户,是一本讲解如何使用CorelDRAW这一软件制作精美图形的案例教程,主要介绍了其功能,特点,使用方法几方面内容。 | |
| 410 | 0 | @12001 @a计算机软件技能入门与进阶培训丛书 |
| 606 | 0 | @a图形软件@Atu xing ruan jian@xCorelDRAW@j教材 |
| 690 | @aTP391.41@v4 | |
| 701 | 0 | @a陈柏润@Achen bai run@4编著 |
| 801 | 0 | @aCN@c20071010 |
| 905 | @dTP391.41@eC365 | |
| CorelDRAW 11图文设计入门与进阶教程/陈柏润编著.-北京:中国科学技术出版社,2003.08 |
| 331页:图;26cm.-(计算机软件技能入门与进阶培训丛书;4) |
| ISBN 7-5046-3569-3:CNY32.00 |
| 本书面向初、中级用户,是一本讲解如何使用CorelDRAW这一软件制作精美图形的案例教程,主要介绍了其功能,特点,使用方法几方面内容。 |
| ● |
| 相关链接 |
|
|
|
正题名:CorelDRAW 11图文设计入门与进阶教程
索取号:TP391.41/C365
 
预约/预借
| 序号 | 登录号 | 条形码 | 馆藏地/架位号 | 状态 | 备注 |
| 1 | 252386 | 202523867 | 自科二线404/301自科库 62排1列2层/ [索取号:TP391.41/C365] | 在馆 | |
| 2 | 252387 | 202523876 | 自科库301/301自科库 65排6列4层/ [索取号:TP391.41/C365] | 在馆 | |
| 3 | 252388 | 202523885 | 自科库301/301自科库 65排6列4层/ [索取号:TP391.41/C365] | 在馆 |